000 00475nam a2200145 i 4500
001 129971
003 ES-MaACL
005 20230906193621.0
007 t|
008 070712s1907 sp ||||1| spa d
100 1 _aZorrilla de San Martín, Juan.
_9118357
245 1 3 _aLa epopeya de Artigas
_b: publicado por la Asociación de Estudiantes /
_cJuan Zorrilla de San Martín.
260 _aMontevideo :
_bTalleres Gráficos "El Arte",
_c1907.
852 _aES-MaACL
_jT-1149-F-4
999 _c129971
_d129971